Представление документа в формате RUSMARC

ПолеНазваниеЗначение
  Тип записи i
  Библиографический уровень m
001 Контрольный номер LIBNET\0000641390
005 Дата корректировки 20201206205022.1
010 Индекс ISBN __
d Цена 350-46
100 Данные общей обработки __
a Данные общей обработки 19161021d2015||||||| 0rusy0189 ca
101 Язык документа 1_
a Язык текста rus
c Язык оригинала eng
102 Страна публикации __
a Страна публикации ru
105 Кодированные данные (монография) __
a Кодированные данные (монография) nn|||||||f|zy
127 Кодированные данные (звукозаписи-физические характеристики) __
a Продолжительность проигрывания 17 ч
200 Заглавие и сведения об ответственности 1_
a Заглавие Мистер Мерседес
e Сведения, относящиеся к заглавию [роман : аудиокнига : 16+]
f Первые сведения об ответственности Стивен Кинг ; [читает Иван Литвинов ; перевод Вебера В. А.]
b Общее обозначение материала Звукозапись
210 Выходные данные __
a Место издания Москва
c Издательство Аудиокнига
d Дата издания 2015
215 Физическое описание __
a Объем 2 электрон. опт. диска (Audio CD)
c Иллюстрации/тип воспроизводства mp3
d Формат 12х14 см
230 Специфическая характеристика материала: электронные ресурсы __
a Обозначение и объем ресурса Электронные звуковые данные
300 Общие примечания __
a Общие примечания Заглавие с этикетки диска
323 Примечание о главных создателях, исполнителях, участниках __
a Примечание о главных создателях, исполнителях, участниках Литвинов, И. (читает)
330 Аннотация __
a Аннотация В небольшом городке на северо-западе сотни безработных стоят в очереди на ярмарку вакансий. Некто на украденном «Мерседесе» врезается в эту очередь. В результате восемь человек убиты, пятнадцать ранены. Массовый убийца не найден. Сможет ли его остановить коп-пенсионер и его необычные помощники?
333 Примечание о целевом назначении __
a Примечание о целевом назначении 16+. Для детей старше 16 лет
337 Примечание о системных требованиях (электронные ресурсы) __
a Примечание о системных требованиях (электронные ресурсы) Системные требования: CD-плеер с поддержкой mp3 или Pentium-233 ; Windows 9x-XP ; CD-ROM ; звуковая карта
606 Тематические рубрики __
a Основная рубрика Художественная литература
606 Тематические рубрики __
a Основная рубрика Литература Америки (произведения)
y Географическая подрубрика США
610 Ключевые слова __
a Ключевые слова американская литература
a Ключевые слова зарубежная литература
a Ключевые слова иностранная литература
a Ключевые слова романы
a Ключевые слова тема маньяков
a Ключевые слова тема преступлений
a Ключевые слова тема расследований
a Ключевые слова триллеры
686 Индексы других классификаций __
2 Код системы rubbks
a Классификационный индекс 84(7Сое)6-445я04
700 Автор _1
a Фамилия Кинг
b Имя С.
f Даты 1947-
g Полное личное имя Стивен
4 Код отношения 070
702 Вторичная интеллектуальная ответственность _1
a Фамилия Вебер
b Имя В. А.
4 Код отношения Переводчик
4 Код отношения 730
801 Источник записи _0
a Страна ru
b Организация Муниципальное бюджетное учреждение культуры "Централизованная библиотечная система" г. Сургут (Центральная городская библиотека им. А. С. Пушкина)
c Дата составления 20161021
g Правила каталогизации КиК/Лукашук
801 Источник записи _1
a Страна ru
b Организация Муниципальное бюджетное учреждение культуры "Централизованная библиотечная система" г. Сургут (Центральная городская библиотека им. А. С. Пушкина)
c Дата составления 20161021
g Правила каталогизации КиК/Лукашук
852 Данные о местонахождении __
j Шифр хранения 84(7Сое)6-445я04
i Авторский знак К 41
901 Тип документа __
t Тип документа 0
903 Характеристики (МАРС) __
a Дата передачи 20161021
969 Тип издания __
a Тип издания аудиокнига; издание для слепых
990 Данные о заказе (DOS) __
j Количество экземпляров (DOS) 2
t N записи в КСУ для И/У (DOS) 201610